Chelsea FC - Effectif 2025/2026 - Statistiques

Statistiques générales
  • Ce quiz a été pris 927 fois
    18 depuis la dernière actualisation
  • Le résultat moyen est 18 sur 27
Statistiques - réponses
Poste Numéro Joueurs % Correct
A 10 Cole Palmer
92%
A 20 João Pedro
92%
A 7 Pedro Neto
92%
G 1 Robert Sanchez
92%
A 49 Alejandro Garnacho
83%
G 12 Filip Jörgensen
83%
A 9 Liam Delap
75%
D 27 Malo Gusto
75%
D 3 Marc Cucurella
75%
D 24 Reece James
75%
D 5 Benoît Badiashile
67%
M 8 Enzo Fernandez
67%
A 38 Marc Guiu
67%
M 25 Moisés Caicedo
67%
D 4 Tosin Adarabioyo
67%
D 29 Wesley Fofana
67%
A 41 Estêvão Willian
58%
A 11 Jamie Gittens
58%
D 21 Jorrel Hato
58%
D 6 Levi Colwill
58%
M 45 Roméo Lavia
58%
D 23 Trevoh Chalobah
58%
M 17 Andrey Santos
50%
M 14 Dario Essugo
42%
G 44 Gabriel Slonina
42%
D 34 Josh Acheampong
42%
D 19 Mamadou Sarr
33%
Aucun quiz correspondant
Distribution des résultats
% des personnes avec chaque résultat
Percentile par nombre de réponses
Votre historique - résultats
Vous n’avez pas pris ce quiz depuis la dernière actualisation